000
00249 a2200097 4500
001
38764
100
_a
S M Ahmad
245
_a
lucky pilot; memoirs of Retired Wing Commander Lanky Ahmad
260
_a
Lahore
_b
Ferozsons
_c
2001
090
_c
24582
_d
24582
942
_a
NUST-CAE
_c
M
_c
16205
999
_c
273837
_d
273837